Pekeliling kemajuan pentadbiran awam dan profil perkhidmatan awam malaysia (Record no. 164)

000 -LEADER
fixed length control field nam a22 7a 4500
005 - DATE AND TIME OF LATEST TRANSACTION
control field 20170421161719.0
008 - FIXED-LENGTH DATA ELEMENTS--GENERAL INFORMATION
fixed length control field 170421b2014 my ||||| |||| 00| 0 eng d
020 ## - INTERNATIONAL STANDARD BOOK NUMBER
International Standard Book Number 9677014463
040 ## - CATALOGING SOURCE
Original cataloging agency AKMAL
082 ## - DEWEY DECIMAL CLASSIFICATION NUMBER
Classification number 351.595 MAL
090 ## - LOCALLY ASSIGNED LC-TYPE CALL NUMBER (OCLC); LOCAL CALL NUMBER (RLIN)
Classification number (OCLC) (R) ; Classification number, CALL (RLIN) (NR) 351.595
Local cutter number (OCLC) ; Book number/undivided call number, CALL (RLIN) MAL
110 1# - MAIN ENTRY--CORPORATE NAME
Corporate name or jurisdiction name as entry element Malaysia
9 (RLIN) 400
245 10 - TITLE STATEMENT
Title Pekeliling kemajuan pentadbiran awam dan profil perkhidmatan awam malaysia
250 ## - EDITION STATEMENT
Edition statement ed. 2014
260 ## - PUBLICATION, DISTRIBUTION, ETC.
Place of publication, distribution, etc. Kuala Lumpur :
Name of publisher, distributor, etc. MDC Publishers,
Date of publication, distribution, etc. 2008
300 ## - PHYSICAL DESCRIPTION
Extent 700ms. :
Other physical details il. ;
Dimensions 25cm
500 ## - GENERAL NOTE
General note Kepala judul kulit depan: Buku panduan untuk peperiksaan am kerajaan
500 ## - GENERAL NOTE
General note Cetakan Keduapuluh Dua 2014
599 ## - LOCAL NOTE
Local Note DALAM PROSES
650 10 - SUBJECT ADDED ENTRY--TOPICAL TERM
Topical term or geographic name entry element Office practice in government
Form subdivision Handbooks, manuals, etc
Geographic subdivision Malaysia
9 (RLIN) 401
650 ## - SUBJECT ADDED ENTRY--TOPICAL TERM
Topical term or geographic name entry element Civil service ethics
Form subdivision Handbooks, manuals, etc.
Geographic subdivision Malaysia
9 (RLIN) 402
942 ## - ADDED ENTRY ELEMENTS (KOHA)
Source of classification or shelving scheme
Koha item type Book
Holdings
Withdrawn status Lost status Source of classification or shelving scheme Damaged status Not for loan Collection code Home library Current library Shelving location Date acquired Inventory number Total Checkouts Total Renewals Full call number Barcode Date last seen Date last checked out Price effective from Koha item type
          NON-FICTION AKMAL Melaka AKMAL Melaka PINJAMAN 21.04.2017 306380 4 1 351.595 MAL 201700353 27.06.2022 13.06.2022 21.04.2017 Book
          NON-FICTION AKMAL Melaka AKMAL Melaka PINJAMAN 21.04.2017 306379 4   351.595 MAL 201700351 22.08.2022 09.08.2022 21.04.2017 Book
          NON-FICTION AKMAL Melaka AKMAL Melaka PINJAMAN 21.04.2017 306377     351.595 MAL 201700349 21.04.2017   21.04.2017 Book
          NON-FICTION AKMAL Melaka AKMAL Melaka PINJAMAN 21.04.2017 306375     351.595 MAL 201700347 21.04.2017   21.04.2017 Book
          NON-FICTION AKMAL Melaka AKMAL Melaka PINJAMAN 21.04.2017 306378 3   351.595 MAL 201700332 16.07.2019 15.07.2019 21.04.2017 Book
          NON-FICTION AKMAL Melaka AKMAL Melaka PINJAMAN 21.04.2017 306381     351.595 MAL 201700352 21.04.2017   21.04.2017 Book
          NON-FICTION AKMAL Melaka AKMAL Melaka PINJAMAN 21.04.2017 306382 1   351.595 MAL 201700355 08.08.2019 25.07.2019 21.04.2017 Book
Pusat Sumber Maklumat Dato' Haji Sarmin Md Hussin, Akademi Kastam Diraja Malaysia, Melaka
Tel: 06-2331106 | Faks: 06-2313787